Le Kazakhstan pour les touristes... - Statistiques

Statistiques générales
  • Ce quiz a été pris 19 fois
    15 depuis la dernière actualisation
  • Le résultat moyen est 14 sur 20
Statistiques - réponses
Question Indice Réponses % Correct
Quelles autres langues sont répandues ? A Allemand
100%
Quelles sont les principales villes touristiques ? A Almaty
100%
Quelles sont les principales villes touristiques ? A Astana
100%
La conduite se fait à droite ou à gauche ? Droite
100%
La religion majoritaire est I Islam
100%
Le suffixe internet est kz
100%
Dans la capitale y-a-t-il un décalage horaire avec Paris ? (oui/non) Oui
100%
Quelles sont les langues officielles ? Russe
100%
Le taux d'alcoolémie toléré au volant est de {0} g/l
80%
La vitesse est limitée sur les voies express à {120} km/h
80%
Quelles autres langues sont répandues ? A Anglais
80%
Quelles sont les langues officielles ? Kazakh
80%
Achats à faire 1/ Habitat en miniature Yourte
80%
Quelle est la monnaie ? Tenge
60%
Quelles sont les principales villes touristiques ? C Chimkent
40%
Achats à faire 3/ Pour jouer ou décorative Poupée
40%
Quelles sont les principales villes touristiques ? T Turkestan
20%
Quels parc nationaux peut-on visiter ? B Bayanaul
0%
Quels parc nationaux peut-on visiter ? C Charyn
0%
Achats à faire 2/ Instrument de musique Dombra
0%
Aucun quiz correspondant
Distribution des résultats
% des personnes avec chaque résultat
Percentile par nombre de réponses
Votre historique - résultats
Vous n’avez pas pris ce quiz depuis la dernière actualisation